| 000 | 00435nam a2200205Ia 4500 | ||
|---|---|---|---|
| 001 | 001190 | ||
| 003 | YMCAF | ||
| 005 | 20230512160051.0 | ||
| 008 | 100717s1953 ||||||||||||||||| ||und|d | ||
| 024 | _a1190 | ||
| 035 | _a1172 | ||
| 040 |
_aYMCAF _beng _cIN-KoLT |
||
| 041 | _aeng | ||
| 082 | _aPRI-BAI | ||
| 100 | _aBAILEY R.G. | ||
| 245 | 0 | _aPRINCIPLES OF BUILDERS ESTIUATITY | |
| 260 | _c1953 | ||
| 300 | _a103 | ||
| 942 |
_2ddc _cBK |
||
| 999 |
_c961 _d961 |
||